| 000 | 01129nam a22002777a 4500 | ||
|---|---|---|---|
| 005 | 20100208094746.0 | ||
| 008 | 100208t xxu||||| |||| 00| 0 eng d | ||
| 010 | _aENG-95850 | ||
| 020 |
_a9780198062509 _c695.00 |
||
| 020 |
_a0198062508 _c695.00 |
||
| 035 | _aEN-79383 | ||
| 037 | _bDBAD/PUB | ||
| 040 |
_aDPL _beng |
||
| 082 |
_a954.03 _222 |
||
| 100 | _aMukherjee, Mithi | ||
| 245 |
_aIndia in the shadows of empire : _ba legal and political history, 1774-1950 / _cby Mithi Mukherjee |
||
| 260 |
_aNew Delhi _bOxford University Press _c2010 |
||
| 270 |
_aYMCA Library Building, jai Singh Road _bNew Delhi _e110001 |
||
| 300 |
_axxxviii, 278 p. _c23 cm (Hb) |
||
| 504 | _aIncludes bibliographical references (p. [227]-263) and index. | ||
| 650 |
_aConstitutional history _zIndia. |
||
| 651 |
_aIndia _xHistory _yBritish occupation, 1765-1947. |
||
| 942 |
_2ddc _cEN _h954.03 _mMUK |
||
| 999 |
_c33710 _d33710 |
||